Handbook of practical electrical design / (Record no. 175601)

000 -LEADER
fixed length control field 01371 a2200277 4500
003 - CONTROL NUMBER IDENTIFIER
control field Nust
005 - DATE AND TIME OF LATEST TRANSACTION
control field 20230221162207.0
010 ## - LIBRARY OF CONGRESS CONTROL NUMBER
LC control number 98030222
020 ## - INTERNATIONAL STANDARD BOOK NUMBER
International Standard Book Number 0070466424 (alk. paper)
040 ## - CATALOGING SOURCE
Transcribing agency Nust
082 00 - DEWEY DECIMAL CLASSIFICATION NUMBER
Classification number 621.31924,MCP
100 1# - MAIN ENTRY--PERSONAL NAME
Personal name McPartland, Joseph F.
9 (RLIN) 41450
245 10 - TITLE STATEMENT
Title Handbook of practical electrical design /
Statement of responsibility, etc. Joseph F. McPartland, Brian J. McPartland.
246 30 - VARYING FORM OF TITLE
Title proper/short title Practical electrial design
250 ## - EDITION STATEMENT
Edition statement 3rd ed.
260 ## - PUBLICATION, DISTRIBUTION, ETC.
Place of publication, distribution, etc. New York :
Name of publisher, distributor, etc. McGraw-Hill,
Date of publication, distribution, etc. c1999.
300 ## - PHYSICAL DESCRIPTION
Extent vii, 723 p. :
Other physical details ill. ;
Dimensions 24 cm.
440 #0 - SERIES STATEMENT/ADDED ENTRY--TITLE
Title McGraw-Hill NEC series
9 (RLIN) 109380
505 ## - FORMATTED CONTENTS NOTE
Formatted contents note Planning For Electrical Design (Page-1), Lighting And Appliance Branch Circuits (Page-15), Motor Branch Circuits And Control Circuits (Page-173), Feeders For Lighting And Power (Page-253), Motor Feeders (Page- 399), Transformer Applications (To 600 V) (Page-421), Services (Page-297), Equipment Selection And Layout (Page-591), Design Reference Data (Page-641).
650 #0 - SUBJECT ADDED ENTRY--TOPICAL TERM
Topical term or geographic name entry element Telecommunication Engineering.
700 1# - ADDED ENTRY--PERSONAL NAME
Personal name McPartland, Brian J.
9 (RLIN) 109381
856 42 - ELECTRONIC LOCATION AND ACCESS
Materials specified Contributor biographical information
Uniform Resource Identifier <a href="http://www.loc.gov/catdir/enhancements/fy0705/98030222-b.html">http://www.loc.gov/catdir/enhancements/fy0705/98030222-b.html</a>
856 42 - ELECTRONIC LOCATION AND ACCESS
Materials specified Publisher description
Uniform Resource Identifier <a href="http://www.loc.gov/catdir/description/mh023/98030222.html">http://www.loc.gov/catdir/description/mh023/98030222.html</a>
856 42 - ELECTRONIC LOCATION AND ACCESS
Materials specified Table of contents
Uniform Resource Identifier <a href="http://www.loc.gov/catdir/toc/mh022/98030222.html">http://www.loc.gov/catdir/toc/mh022/98030222.html</a>
942 ## - ADDED ENTRY ELEMENTS (KOHA)
Koha item type Reference
Source of classification or shelving scheme
Holdings
Withdrawn status Lost status Source of classification or shelving scheme Damaged status Not for loan Permanent Location Current Location Shelving location Date acquired Full call number Barcode Date last seen Price effective from Koha item type Public note
          Military College of Signals (MCS) Military College of Signals (MCS) Reference 12/12/2016 621.31924,MCP MCS27783 12/08/2016 12/12/2016 Reference Almirah No.71, Shelf No.1
© 2023 Central Library, National University of Sciences and Technology. All Rights Reserved.